Statystyki dla Przeczytaj opis

Kliknij tutaj aby rozwiązać quiz!

Ogólne statystyki

  • Ten quiz został rozwiązany 5 razy
  • Średni wynik to 7 z 18

Statystyki odpowiedzi

HintNazwisko% Poprawnych
11Benzema
100%
11Courtois
100%
ławkaMarcelo
80%
11Modric
80%
11Asensio
60%
11Casemiro
60%
11Kroos
60%
11Nacho
60%
11Varane
60%
ławkaValverde
40%
11Odriozola
20%
ławkaVallejo
20%
ławkaBrahim
0%
ławkaCristo
0%
11D.Ceballos
0%
ławkaK.Navas
0%
11Regóilon
0%
ławkaSeoane
0%

Rozkład punktacji

Percentyl według liczby udzielonych odpowiedzi

Procent ludzi z każdym wynikiem

Twoja historia wyników

Nie rozwiązałeś tego quizu